Ace Attorney - Procureurs - Statistiques

Statistiques générales
  • Ce quiz a été pris 185 fois
    37 depuis la dernière actualisation
  • Le résultat moyen est 9 sur 21
Statistiques - réponses
Première Apparition (Jeu) Première Apparition (Affaire) Procureur(e) % Correct
Phoenix Wright: Ace Attorney La volte-face des soeurs (Épisode 2) Benjamin Hunter
100%
Phoenix Wright: Ace Attorney - Trials and Tribulations La volte-face volée (Épisode 2) Godot
90%
Phoenix Wright: Ace Attorney Adieux et volte-face (Épisode 4) Manfred von Karma
81%
Phoenix Wright: Ace Attorney - Justice For All Réunion, et volte-face (Épisode 2) Franziska von Karma
77%
Apollo Justice: Ace Attorney Boulevard des volte-face (Épisode 2) Konrad Gavin
77%
Phoenix Wright: Ace Attorney - Dual Destinies La volte-face monstrueuse (Épisode 2) Jack Lamenoire
71%
Phoenix Wright: Ace Attorney La première volte-face (Épisode 1) Victor Boulay
71%
Phoenix Wright: Ace Attorney Phoenix renaît de ses cendres (Épisode 5) Lana Skye
48%
Phoenix Wright: Ace Attorney - Spirit of Justice La volte-face magique (Épisode 2) Nahyuta Sahdmadhi
45%
Phoenix Wright: Ace Attorney - Spirit of Justice La volte-face rituelle (Épisode 3) Ga'ran Sigatar Khura'in
32%
Ace Attorney Investigations: Miles Edgeworth Volte-face et réminiscences (Épisode 4) Bertrand Faraday
26%
Ace Attorney Investigations 2: Prosecutor's Gambit Volte-face et détention (Épisode 2) Eustache Victor
26%
Phoenix Wright: Ace Attorney - Dual Destinies Volte-face à rebours (Épisode 1) Gaspard Boulay
26%
The Great Ace Attorney 2: Resolve The Return of the Great Departed Soul (Épisode 3) Masked Apprentice
26%
The Great Ace Attorney: Adventures The Adventure of the Runaway Room (Épisode 3) Barok van Zieks
23%
Ace Attorney Investigations: Miles Edgeworth Volte-face et intrusion (Épisode 1) Jacky Bertin
23%
Phoenix Wright: Ace Attorney Phoenix renaît de ses cendres (Épisode 5) Fred Marshall
19%
The Great Ace Attorney: Adventures The Adventure of the Great Departure (Épisode 1) Taketsuchi Auchi
19%
The Great Ace Attorney 2: Resolve The Return of the Great Departed Soul (Épisode 3) Klint van Zieks
16%
Ace Attorney Investigations 2: Prosecutor's Gambit Volte-face et rémission (Épisode 4) Excelsius Victor
13%
The Great Ace Attorney: Adventures The Adventure of the Runaway Room (Épisode 3) Mael Stronghart
13%
Aucun quiz correspondant
Distribution des résultats
% des personnes avec chaque résultat
Percentile par nombre de réponses
Votre historique - résultats
Vous n’avez pas pris ce quiz depuis la dernière actualisation